Mechanics of Flight/ (Record no. 175654)

MARC details
000 -LEADER
fixed length control field 00770nam a22002297a 4500
005 - DATE AND TIME OF LATEST TRANSACTION
control field 20200914105007.0
010 ## - LCCN (DPL NO)
LC control number ENG-128422
020 ## - INTERNATIONAL STANDARD BOOK NUMBER
Terms of availability 949.00
International Standard Book Number 9788131716571
035 ## - SYSTEM CONTROL NUMBER
System control number EN-111954
037 ## - SOURCE OF ACQUISITION
Source of stock number/acquisition DBAD/PUB
082 ## - DEWEY DECIMAL CLASSIFICATION NUMBER
Classification number 629.132
100 ## - MAIN ENTRY--PERSONAL NAME
Personal name Kermode, A.C.
245 ## - TITLE STATEMENT
Title Mechanics of Flight/
Statement of responsibility, etc by A.C.Kermode, Revised by R.H. Barnard & D.R
250 ## - EDITION STATEMENT
Edition statement 11th edition
260 ## - PUBLICATION, DISTRIBUTION, ETC. (IMPRINT)
Place of publication, distribution, etc Noida
Name of publisher, distributor, etc Pearson
Date of publication, distribution, etc 2020
270 ## - ADDRESS
Address 15th floor,Tower-B,Word Trade Tower,Plot no.1,Block-C sec 16,
City Noida
Postal code 201301
Telephone number 04466540100
Electronic mail address companysecretary.india@pearson.com
300 ## - PHYSICAL DESCRIPTION
Extent 500p.
Dimensions 24cm(pbk)
Other physical details Pictures, Illustrations
500 ## - GENERAL NOTE
General note Includes Appendix and Index
700 ## - ADDED ENTRY--PERSONAL NAME
Personal name Barnard, R.H
700 ## - ADDED ENTRY--PERSONAL NAME
Personal name Philpott, D.R.
942 ## - ADDED ENTRY ELEMENTS (KOHA)
Source of classification or shelving scheme Dewey Decimal Classification
Item type English Books
Classification part 629.132
Call number suffix KER
Holdings
Withdrawn status Lost status Not for loan Collection code Home library Current library Date acquired Source of acquisition Cost, normal purchase price Full call number Barcode Cost, replacement price Koha item type
      Non-fiction Sarojini Nagar Sarojini Nagar 14/09/2020 DBAD/PUB 949.00 629.132 KER EN-111954 949.00 English Books

© Delhi Public Library
Hit Counter
free hit counter